000 00969nam a2200277 i 4500
003 DO-SdBNP
005 20240923145210.0
007 ta
008 240923s1993 sp ac 000 0 spa d
020 _a847651168X
040 _aDO-SdBNP
_bspa
_cBNPHU
_erda
082 _222
_bG377
240 1 _aGeronimo, an American legend. /
245 0 0 _aGerónimo :
_bel final de las guerras apaches /
_cedición de C. L. Sonnichsen ; prólogo y traducción de Eduardo Jordá
264 1 _aPalma de Mallorca, España :
_bJosé J. de Olañeta,
_c1993.
300 _a156 páginas
_bilustraciones, retratos
_c22 cm.
336 _atexto
_btxt
_2rdacontent
337 _asin mediación
_bn
_2rdamedia
338 _avolumen
_bnc
_2rdacarrier
490 1 _aHesperus
_v49
590 _aInventariado, 2024/ YL
700 1 _4ed.
_aSonnichsen, C. L.
_eedición
_948331
700 1 _4prol. y tr.
_aJordá, Eduardo
_eprólogo y traducción
_986649
910 _aYLockward
942 _2ddc
_cLBS1
999 _c57741
_d57741